LEADER 00633nab a2200133 i 4500 001 000000328008 003 CaOOAMICUS 005 20180831173552.0 008 180831n it uu u0 0ita r 013 $a39608 040 $aSeMil$bita 245 13$aLo Spirito chiama per nome. - Messaggio del Cardinale Arcivescovo per la Giornata per il Seminario 1998. - In [rubrica] :$bGiornata per il Seminario. 773 0 $tSpirito chiama per nome.$gp.2-3$w()290631 996 $6245$aLo Spirito chiama per nome. - Messaggio del Cardinale Arcivescovo per la Giornata per il Seminario 1998. - In [rubrica] :$bGiornata per il Seminario.$9(OLS)http://semarc/title/416609 LEADER 01344nam a2200289 4500 001 000000351778 003 CaOOAMICUS 005 20221021145150.0 008 221005s2018 it 000 u ita r 020 $a978-88-6898-157-0 040 $aSeMil$bita 100 1 $aGenre, Ermanno,$d<1943- >.$0(OLS)http://semarc/name/23079 245 10$aCatechesi giovanile :$bcondividere la fede nell'adolescenza /$cErmanno Genre, Stefano Giannatempo. 264 1$aTorino :$bClaudiana,$c2018. 300 $a155 p. ;$c21 cm 490 1 $aPiccola biblioteca teologica ;$v129 650 4$aAdolescenti - Catechesi.$0(OLS)http://semarc/subject/16454 650 4$aCatechesi - Giovani - Educazione cristiana.$0(OLS)http://semarc/subject/9752 700 1 $aGiannatempo, Stefano,$c.$0(OLS)http://semarc/name/115115 830 0$aPiccola biblioteca teologica ;$v129.$0(OLS)http://semarc/title/5954 850 $aSeMil 852 $aSeMil$W1$xVenegono$y1$m2C VI 50$j235455$B242963$CSeMilBibl$Z2$F242963 $81 961 $aLorenzi don Ugo - Omaggio 996 $6020$a978-88-6898-157-0$9(OLS)http://semarc/number/296852 996 $6245$aCatechesi giovanile :$bcondividere la fede nell'adolescenza$9(OLS)http://semarc/title/441586 996 $6264$aTorino :$bClaudiana$9(OLS)http://semarc/publisher/29837